000 00325nam a22001337a 4500
999 _c13784
_d13784
020 _a9789694074940
082 _a954.91
100 _aSyed Sami Ahmed
245 _aHistory of Pakistan and Role of the Army
250 _a3rd edition
260 _aKarachi
_bRoyal Book Company
_c2023
300 _aXXX, 439 pages
942 _cBK